000 00301nam a22001337a 4500
008 170807b xxu||||| |||| 00| 0 eng d
020 _a3540550141
041 _aeng
080 _a004
100 _a33
101 _aSHKI
245 _aLECTURE NOTES IN COMPUTER SCIENCE
_cDELOBEL, C
942 _2udc
_cBK
999 _c22754
_d22754